000 00840nam a22003017a 4500
001 BR9903516
003 BR-BrBNA
005 20230928100430.0
007 ta
008 230509b bl.||||| |||| 00| 0 por d
040 _aBR-BrBNA
_bpor
_cBiblioteca Nacional de Agricultura
041 _a(Por)
072 _aF01
_b3300
090 _ 3300 BR9903516
100 1 _aArantes, A.V.
110 1 _aServico de Apoio as Micro e Pequenas Empresas do Estado de Mato Grosso, Cuiaba (Brasil)
_99297
245 1 _aBonsai
_bColecao Agroindustria, v. 16
260 3 _aCuiaba, MT (Brasil):
_c1998.
300 _a57 p.
500 _a6 ref.; 24 illus.
650 _aBonsai
650 _aPratica Cultural
650 _aEnxerto
650 _aPraga de Planta
650 _aDoenca de Planta
909 _a202309
_bLucia
_c55
_dLucia Elande
942 _cBK
999 _c61298
_d61298